Türkiye'de yerinden edilme sorununa kalıcı bir çözüm mümkün mü? Van Eylem Planı'nın değerlendirmesi (Record no. 2797)

MARC details
000 -BAŞLIK
Sabit Uzunlukta Kontrol Alanı 00875na a2200277 4500
001 - KONTROL NUMARASI
Denetim Alanı 13028
003 - KONTROL NUMARASI IDENTIFIER
Denetim Alanı MIRAKIL
005 - SON İŞLEM TARİHİ VE ZAMANI
Denetim Alanı 20181213154909.0
008 - SABİT-BOY VERİ ELEMANLARI - GENEL BİLGİLER
Sabit Uzunlukta Kontrol Alanı 161010b tu 000 0
020 ## - ULUSLARARASI STANDART KİTAP NUMARASI
Uluslararası Standart Kitap Numarası 9786055832162
035 ## - SİSTEM KONTROL NUMARASI
Sistem Kontrol Numarası 13028
040 ## - KATALOGLAMA KAYNAK
Orijinal Kataloglama Ajansı Milas
Kataloglama Dili tur
Metne Dönüştürmek Ajansı TR-AnCHP
041 ## - DİL KODU
Metin / Ses Parça Veya Ayrı Başlığın Dil Kodu tur
082 ## - DEWEY ONLU SINIFLANDIRMA NUMARASI
Sınıflandırma Numarası 304.809561
Ürün Numarası Y94t
090 ## - SINIFLAMA NUMARASI
Sınıflama Numarası 304.809561 Y94t 2009
100 ## - ANA GİRİŞ - KİŞİSEL İSİM
Kişisel Ad Yükseker, Deniz
245 ## - BAŞLIK TABLOSU
Başlık Türkiye'de yerinden edilme sorununa kalıcı bir çözüm mümkün mü? Van Eylem Planı'nın değerlendirmesi
Sorumluluk Tablosu, Vb Deniz Yükseker, Dilek Kurban ; Yayına Hazırlayan Serkan Yolaçan ; Çeviren Alev Özsoy
260 ## - YAYIN, DAĞITIM, VB
Yayın, Dağıtım, Vb Yeri İstanbul
Yayıncı, Dağıtıcı, Vs Adı Tesev Yayınları
Yayın, Dağıtım, Vb Tarihi 2009
300 ## - FİZİKSEL TANIM
Kapsam 32 s.
Boyutlar 29 sm.
650 ## - KONU KATMA GİRİŞ - TOPİKAL DÖNEM
Topikal Süreli Veya Coğrafi Ad Giriş Elemanı Van Eylem Planı
650 ## - KONU KATMA GİRİŞ - TOPİKAL DÖNEM
Topikal Süreli Veya Coğrafi Ad Giriş Elemanı Göç Hareketleri
Genel Alt Bölümü Van
700 ## - KATMA GİRİŞ - KİŞİSEL İSİM
Kişisel Ad Özsoy, Alev
700 ## - KATMA GİRİŞ - KİŞİSEL İSİM
Kişisel Ad Yolaçan, Serkan
700 ## - KATMA GİRİŞ - KİŞİSEL İSİM
Kişisel Ad Kurban, Dilek
942 ## - EKLENDİ GİRİŞ ELEMANLARI (KOHA)
Sınıflandırma Veya Raf Düzeni Kaynak
Koha Öğesi Türü Books
999 ## - SİSTEM KONTROL NUMARALARI (KOHA)
Koha Biblionumber 2797
Koha Biblioitemnumber 2797
Holdings
Kalıcı Konum Mevcut Konum Edinme Tarihi Edinim Kaynak Toplam Check-Out'Lar Tam Çağrı Numarası Barkod Tarih Son Görülme İtibaren Geçerli Fiyatlar Koha Öğesi Türü
CHP Kütüphanesi CHP Kütüphanesi 08/04/2016 Bağış   304.809561 Y94t 2009 000730 08/04/2016 08/04/2016 Books